000
002710000a22001210004500
082
0
4
_a
G CTH K855e
245
1
0
_a
Ester, Krata Kraf No. 21
260
_a
[S.L.] Publicaciones Mensaje de Vida
300
_a
21 P.
650
1
4
_a
Literatura Infantil
001
789
942
_c
LGB
999
_c
47993
_d
47993